LIBRARY & INFORMATION CENTRE, KCAET, TAVANUR

ONLINE PUBLIC ACCESS CATALOGUE (OPAC)

Water resources engineering / (Record no. 10143)

MARC details
000 -LEADER
fixed length control field 00443cam a2200169ua 4500
003 - CONTROL NUMBER IDENTIFIER
control field OSt
008 - FIXED-LENGTH DATA ELEMENTS--GENERAL INFORMATION
fixed length control field 250812b |||||||| |||| 00| 0 eng d
020 ## - INTERNATIONAL STANDARD BOOK NUMBER
ISBN 0 07 0854351
041 ## - LANGUAGE CODE
Language code of text/sound track or separate title eng
082 ## - DEWEY DECIMAL CLASSIFICATION NUMBER
Classification number 627.01
Item number LIN/WA
100 ## - MAIN ENTRY--AUTHOR NAME
Personal name Linsley, Ray K .
245 ## - TITLE STATEMENT
Title Water resources engineering /
260 ## - PUBLICATION, DISTRIBUTION, ETC. (IMPRINT)
Place of publication :
Name of publisher International students editions ,
Year of publication 1955.
300 ## - PHYSICAL DESCRIPTION
Number of Pages 716 ; .
700 1# - ADDED ENTRY--PERSONAL NAME
Personal name Franzini, Joseph B .
942 ## - ADDED ENTRY ELEMENTS (KOHA)
Koha item type Books
Holdings
Withdrawn status Lost status Damaged status Home library Current library Date acquired Full call number Accession Number Koha item type
      KAUAET KAUAET 07/04/2012 627.01 LIN/WA 15918 Books
free website counter